<?xml version="1.0" encoding="UTF-8"?>
<record
    xmlns:xsi="http://www.w3.org/2001/XMLSchema-instance"
    xsi:schemaLocation="http://www.loc.gov/MARC21/slim http://www.loc.gov/standards/marcxml/schema/MARC21slim.xsd"
    xmlns="http://www.loc.gov/MARC21/slim">

  <leader>00423nam a22001577a 4500</leader>
  <controlfield tag="003">OSt</controlfield>
  <controlfield tag="005">20151207160803.0</controlfield>
  <controlfield tag="008">151207b        xxu||||| |||| 00| 0 eng d</controlfield>
  <datafield tag="040" ind1=" " ind2=" ">
    <subfield code="c">RUA</subfield>
  </datafield>
  <datafield tag="082" ind1=" " ind2=" ">
    <subfield code="a">ATM &#x1787;&#x17B6; 1991 B190 Or.1</subfield>
  </datafield>
  <datafield tag="100" ind1=" " ind2=" ">
    <subfield code="9">4485</subfield>
    <subfield code="a">&#x1787;&#x17B6; &#x179F;&#x17CA;&#x17B8;&#x178E;&#x17B6;</subfield>
  </datafield>
  <datafield tag="245" ind1=" " ind2=" ">
    <subfield code="a">&#x17A7;&#x1794;&#x1780;&#x179A;&#x178E;&#x17CD;&#x179B;&#x17C7;&#x179F;&#x17D2;&#x179B;&#x17B9;&#x1780;&#x17A2;&#x17C6;&#x1796;&#x17C5;</subfield>
  </datafield>
  <datafield tag="260" ind1=" " ind2=" ">
    <subfield code="a">Phnom Penh</subfield>
    <subfield code="b">RUA</subfield>
    <subfield code="c">1991</subfield>
  </datafield>
  <datafield tag="300" ind1=" " ind2=" ">
    <subfield code="a">58p.</subfield>
    <subfield code="b">ill.</subfield>
    <subfield code="c">29cm.</subfield>
  </datafield>
  <datafield tag="942" ind1=" " ind2=" ">
    <subfield code="2">ddc</subfield>
    <subfield code="c">ATM</subfield>
  </datafield>
  <datafield tag="999" ind1=" " ind2=" ">
    <subfield code="c">4182</subfield>
    <subfield code="d">4182</subfield>
  </datafield>
  <datafield tag="952" ind1=" " ind2=" ">
    <subfield code="0">0</subfield>
    <subfield code="1">0</subfield>
    <subfield code="2">ddc</subfield>
    <subfield code="4">0</subfield>
    <subfield code="6">ATM_&#x1787;&#x17B6;_1991_000000000000000_B190_OR_1</subfield>
    <subfield code="7">0</subfield>
    <subfield code="9">21069</subfield>
    <subfield code="a">LBB</subfield>
    <subfield code="b">LBB</subfield>
    <subfield code="c">B190</subfield>
    <subfield code="d">2015-12-07</subfield>
    <subfield code="o">ATM &#x1787;&#x17B6; 1991 B190 Or.1</subfield>
    <subfield code="p">RUA44610</subfield>
    <subfield code="r">2015-12-07</subfield>
    <subfield code="w">2015-12-07</subfield>
    <subfield code="y">ATM</subfield>
  </datafield>
  <datafield tag="952" ind1=" " ind2=" ">
    <subfield code="0">0</subfield>
    <subfield code="1">0</subfield>
    <subfield code="2">ddc</subfield>
    <subfield code="4">0</subfield>
    <subfield code="6">ATM_&#x1787;&#x17B6;_1991_000000000000000_B190_OR_2</subfield>
    <subfield code="7">0</subfield>
    <subfield code="9">21070</subfield>
    <subfield code="a">LBB</subfield>
    <subfield code="b">LBB</subfield>
    <subfield code="c">B190</subfield>
    <subfield code="d">2015-12-07</subfield>
    <subfield code="o">ATM &#x1787;&#x17B6; 1991 B190 Or.2</subfield>
    <subfield code="p">RUA44308</subfield>
    <subfield code="r">2015-12-07</subfield>
    <subfield code="w">2015-12-07</subfield>
    <subfield code="y">ATM</subfield>
  </datafield>
  <datafield tag="952" ind1=" " ind2=" ">
    <subfield code="0">0</subfield>
    <subfield code="1">0</subfield>
    <subfield code="2">ddc</subfield>
    <subfield code="4">0</subfield>
    <subfield code="6">ATM_&#x1787;&#x17B6;_1991_000000000000000_B190_OR_3</subfield>
    <subfield code="7">0</subfield>
    <subfield code="9">21071</subfield>
    <subfield code="a">LBB</subfield>
    <subfield code="b">LBB</subfield>
    <subfield code="c">B190</subfield>
    <subfield code="d">2015-12-07</subfield>
    <subfield code="o">ATM &#x1787;&#x17B6; 1991 B190 Or.3</subfield>
    <subfield code="p">RUA44001</subfield>
    <subfield code="r">2015-12-07</subfield>
    <subfield code="w">2015-12-07</subfield>
    <subfield code="y">ATM</subfield>
  </datafield>
  <datafield tag="952" ind1=" " ind2=" ">
    <subfield code="0">0</subfield>
    <subfield code="1">0</subfield>
    <subfield code="2">ddc</subfield>
    <subfield code="4">0</subfield>
    <subfield code="6">ATM_&#x1787;&#x17B6;_1991_000000000000000_B190_OR_4</subfield>
    <subfield code="7">0</subfield>
    <subfield code="9">21072</subfield>
    <subfield code="a">LBB</subfield>
    <subfield code="b">LBB</subfield>
    <subfield code="c">B190</subfield>
    <subfield code="d">2015-12-07</subfield>
    <subfield code="o">ATM &#x1787;&#x17B6; 1991 B190 Or.4</subfield>
    <subfield code="p">RUA44753</subfield>
    <subfield code="r">2015-12-07</subfield>
    <subfield code="w">2015-12-07</subfield>
    <subfield code="y">ATM</subfield>
  </datafield>
  <datafield tag="952" ind1=" " ind2=" ">
    <subfield code="0">0</subfield>
    <subfield code="1">0</subfield>
    <subfield code="2">ddc</subfield>
    <subfield code="4">0</subfield>
    <subfield code="6">ATM_&#x1787;&#x17B6;_1991_000000000000000_B190_OR_5</subfield>
    <subfield code="7">0</subfield>
    <subfield code="9">21073</subfield>
    <subfield code="a">LBB</subfield>
    <subfield code="b">LBB</subfield>
    <subfield code="c">B190</subfield>
    <subfield code="d">2015-12-07</subfield>
    <subfield code="o">ATM &#x1787;&#x17B6; 1991 B190 Or.5</subfield>
    <subfield code="p">RUA042846</subfield>
    <subfield code="r">2015-12-07</subfield>
    <subfield code="w">2015-12-07</subfield>
    <subfield code="y">ATM</subfield>
  </datafield>
  <datafield tag="952" ind1=" " ind2=" ">
    <subfield code="0">0</subfield>
    <subfield code="1">0</subfield>
    <subfield code="2">ddc</subfield>
    <subfield code="4">0</subfield>
    <subfield code="6">ATM_&#x1787;&#x17B6;_1991_000000000000000_B190_OR_6</subfield>
    <subfield code="7">0</subfield>
    <subfield code="9">21074</subfield>
    <subfield code="a">LBB</subfield>
    <subfield code="b">LBB</subfield>
    <subfield code="c">B190</subfield>
    <subfield code="d">2015-12-07</subfield>
    <subfield code="o">ATM &#x1787;&#x17B6; 1991 B190 Or.6</subfield>
    <subfield code="p">RUA40913</subfield>
    <subfield code="r">2015-12-07</subfield>
    <subfield code="w">2015-12-07</subfield>
    <subfield code="y">ATM</subfield>
  </datafield>
  <datafield tag="952" ind1=" " ind2=" ">
    <subfield code="0">0</subfield>
    <subfield code="1">0</subfield>
    <subfield code="2">ddc</subfield>
    <subfield code="4">0</subfield>
    <subfield code="6">ATM_&#x1787;&#x17B6;_1991_000000000000000_B190_OR_7</subfield>
    <subfield code="7">0</subfield>
    <subfield code="9">21075</subfield>
    <subfield code="a">LBB</subfield>
    <subfield code="b">LBB</subfield>
    <subfield code="c">B190</subfield>
    <subfield code="d">2015-12-07</subfield>
    <subfield code="o">ATM &#x1787;&#x17B6; 1991 B190 Or.7</subfield>
    <subfield code="p">RUA40971</subfield>
    <subfield code="r">2015-12-07</subfield>
    <subfield code="w">2015-12-07</subfield>
    <subfield code="y">ATM</subfield>
  </datafield>
  <datafield tag="952" ind1=" " ind2=" ">
    <subfield code="0">0</subfield>
    <subfield code="1">0</subfield>
    <subfield code="2">ddc</subfield>
    <subfield code="4">0</subfield>
    <subfield code="6">ATM_&#x1787;&#x17B6;_1991_000000000000000_B190_OR_8</subfield>
    <subfield code="7">0</subfield>
    <subfield code="9">21076</subfield>
    <subfield code="a">LBB</subfield>
    <subfield code="b">LBB</subfield>
    <subfield code="c">B190</subfield>
    <subfield code="d">2015-12-07</subfield>
    <subfield code="o">ATM &#x1787;&#x17B6; 1991 B190 Or.8</subfield>
    <subfield code="p">RUA44044</subfield>
    <subfield code="r">2015-12-07</subfield>
    <subfield code="w">2015-12-07</subfield>
    <subfield code="y">ATM</subfield>
  </datafield>
</record>
